| 000 | 00817nas a2200253 4500 | ||
|---|---|---|---|
| 001 | BR2013009879 | ||
| 003 | BR-BrBNA | ||
| 005 | 20231205123340.0 | ||
| 007 | ta | ||
| 008 | 230509b bl.|||p| |||| 00| 00por d | ||
| 040 |
_aBR-BrBNA _bpor _cBiblioteca Nacional de Agricultura |
||
| 041 | _a(Pt) | ||
| 072 | _aP34 | ||
| 100 | 1 | _aSantos, R.S. dos | |
| 100 | 1 | _aScoriza, R.N. | |
| 100 | 1 | _aFerreira, J.S. | |
| 245 | 1 | _aFungos micorrízicos arbusculares em diferentes coberturas florestais em Vitória da Conquista, Bahia | |
| 650 | _aEUCALIPTO | ||
| 650 | _aMICORRIZA VESICULAR ARBUSCULAR | ||
| 650 | _aMICROBIOLOGIA DO SOLO | ||
| 773 | 0 |
_tFloresta e Ambiente (Brazil) _xISSN 1415-0980 _g(Jul-Sep 2013), v. 20(3) p. 344-350 _wBR2013009879 |
|
| 909 |
_a202311 _bLúcia _c55 _dLúcia Elande |
||
| 942 |
_2AGRIS _n0 _cANA |
||
| 999 |
_c233455 _d233455 |
||